000 00660nam a22002177a 4500
003 UA-OsUOA
001 116159
007 ta
008 20160210b un ||||| |||| 00| 0 ukr d
100 _aІльків А.
090 _a82
_bИ99
942 _cSA
040 _aUA-OsUOA
_bukr
_cUA-OsUOA
_dUA-OsUOA
245 _aІнтимний дискурс епістолярної спадщини Володимира Винниченка
300 _aС.41-45
955 _a0
041 _aukr
080 _a82
773 0 _w116156
_tМандрівець
_dТернопіль
_d2015
_g4
650 7 _a82 Література. Літературознавство
_2UDC
999 _c401972
_d401972